Byłe stolice państw - Statystyki

Ogólne statystyki
  • Ten quiz został rozwiązany 42 razy
  • Średni wynik to 16 z 38
Statystyki odpowiedzi
Państwo Aktualna Byłe % Poprawnych
Brazylia Brasília Salvador/Rio
90%
Polska Warszawa Gniezno/Kraków/Płock/Poznań/Lublin/Chełm
86%
Turcja Ankata Bursa/Edirne/Stambuł
79%
Stany Zjednoczone Waszyngton Nowy Jork/Filadelfia
76%
Rosja Moskwa Petersburg
76%
Niemcy Berlin Bonn
72%
Litwa Wilno Kiernów/Nowogródek/Troki/Kowno
72%
Australia Canberra Melbourne
72%
Kanada Ottawa Kingston/Montreal/Toronto/Quebec
69%
Kazachstan Astana Ałmaty
66%
Nowa Zelandia Wellington Auckland
66%
Nigeria Abudża Lagos
62%
Finlandia Helsinki Turku
62%
Japonia Tokio Heijō-kyō/Kuni-kyō/Nagaoka-kyō/Kioto
59%
Pakistan Islamabad Karaczi/Rawalpindi
55%
Norwegia Oslo Trondheim/Bergen
52%
Włochy Rzym Turyn/Florencja
48%
W Kości Słoniowej Jamusukro Abidżan
45%
Belize Belmopan Belize City
45%
Mjanma/Birma Naypyidaw Pagan/Sikong/Awa/Pyain/Taungngu/Amayabuya/Mandalaj/Sittwe/Rangun
45%
Chiny Pekin Xianyang/Chang'an/Luoyang/Kaifeng/Nankin/Hangzhou/Chongqing
45%
Indie Nowe Delhi Kalkuta
41%
Czarnogóra Podgorica Cetynia
38%
Szwecja Sztokholm Uppsala
38%
Filipiny Manila Quezon City
31%
Dania Kopenhaga Roskilde
28%
Albania Tirana Wlora
24%
Uzbekistan Taszkent Samarkanda
21%
Iran/Persja Teheran Tabriz/Kazwin/Isfahan/Sziraz/Sari
17%
Portugalia Lizbona Guimarães/Coimbra
14%
Etiopia Addis Abeba Aksum
10%
Palau Ngerulmud Koror
7%
Kostaryka San José Cartago
3%
Nikaragua Managua Granada/León
3%
Bułgaria Sofia Pliska/Presław/Wielke Tyrnowo
3%
Tajlandia/Syjam Bangkok Ayutthaya
0%
Honduras Tegucigalpa Comayagua
0%
Salwador San Salvador Nueva San Salvador
0%
Nie znaleziono quizów pasujących do podanych kryteriów
Rozkład punktacji
Procent ludzi z każdym wynikiem
Percentyl według liczby udzielonych odpowiedzi
Twoja historia wyników
Nie rozwiązałeś tego quizu